Normal view
MARC view
- ENVIRONMENTAL TOXICOLOGY . RISK ASSESSMENT
Entry Topical Term
001 - CONTROL NUMBER
- control field: 62152
003 - CONTROL NUMBER IDENTIFIER
- control field: NUST
005 - DATE AND TIME OF LATEST TRANSACTION
- control field: 20210628202902.0
008 - FIXED-LENGTH DATA ELEMENTS
- fixed length control field: 210628|| aca||aabn | a|a d
040 ## - CATALOGING SOURCE
- Original cataloging agency: NUST
- Transcribing agency: NUST
150 ## - HEADING--TOPICAL TERM
- Topical term or geographic name entry element: ENVIRONMENTAL TOXICOLOGY . RISK ASSESSMENT
670 ## - SOURCE DATA FOUND
- Source citation: Work cat.: (NUST): Gorsuch, Joseph W Dwyer, F. James 62151, Environmental toxicology and risk assessment, 2nd volume, 1993
